| 000 | 00714nas a2200241 4500 | ||
|---|---|---|---|
| 001 | BR9102063 | ||
| 003 | BR-BrBNA | ||
| 005 | 20231205092010.0 | ||
| 007 | ta | ||
| 008 | 230509b bl.|||p| |||| 00| 00por d | ||
| 040 |
_aBR-BrBNA _bpor _cBiblioteca Nacional de Agricultura |
||
| 041 | _a(Pt) | ||
| 072 | _aE70 | ||
| 100 | 1 | _aAbdallah, P.R. | |
| 100 | 1 | _aMaciel, T.J.L. | |
| 100 | 1 | _aTeixeira, E.C. | |
| 245 | 1 | _aO impacto inflacionario sobre os precos agricolas | |
| 650 | _aINFLACAO | ||
| 650 | _aPRECO PAGO | ||
| 773 | 0 |
_tRevista de Economia e Sociologia Rural (Brazil) _xISSN 0103-2003 _g(Jul-Sep 1990), v. 28(3) p. 45-56 _wBR9102063 |
|
| 909 |
_a202311 _bLúcia _c55 _dLúcia Elande |
||
| 942 |
_2AGRIS _n0 _cANA |
||
| 999 |
_c128630 _d128630 |
||